Access to European Union: Law, Economics, Policies. / (Record no. 5520)
[ view plain ]
| 000 -LEADER | |
|---|---|
| fixed length control field | 01396nam a22001697a 4500 |
| 008 - FIXED-LENGTH DATA ELEMENTS--GENERAL INFORMATION | |
| fixed length control field | 150520b xxu||||| |||| 00| 0 eng d |
| 020 ## - INTERNATIONAL STANDARD BOOK NUMBER | |
| International Standard Book Number | 9782930119434 |
| 050 ## - LIBRARY OF CONGRESS CALL NUMBER | |
| Classification number | KJE947.M685 |
| 100 ## - MAIN ENTRY--PERSONAL NAME | |
| Personal name | Moussis, Nicholas. |
| 245 ## - TITLE STATEMENT | |
| Title | Access to European Union: Law, Economics, Policies. / |
| Statement of responsibility, etc. | Nicholas Moussis. |
| 250 ## - EDITION STATEMENT | |
| Edition statement | 16th ed. |
| 260 ## - PUBLICATION, DISTRIBUTION, ETC. | |
| Name of publisher, distributor, etc. | European Study Service; |
| Date of publication, distribution, etc. | 2007. |
| 300 ## - PHYSICAL DESCRIPTION | |
| Extent | xi, 561p.: |
| Dimensions | 25cm. |
| 500 ## - GENERAL NOTE | |
| General note | Includes Index and Glossary. |
| 505 ## - FORMATTED CONTENTS NOTE | |
| Formatted contents note | Contents: Treaties, Law, Institutions: Introduction to European Integration -- European Treaties -- European Law and Finances -- Structure and functions of European Institutions -- Integration Stages: Customs Union -- Common Market -- Economic and Monetary Union -- Towards a Political Union -- Policies Concerning the Citizens: Citizens Rights and Participation -- Information, Audiovisual and Cultural Policies -- Consumer Policy -- Horizontal Policies: Regional Development Policy -- Social Progress Policies -- Taxation Policy -- Competition Policy -- Environment Policy -- Sectoral Policies: Industrial and Enterprise Policies -- Research and Technology Policy -- Energy Policy -- Transport Policy -- Agricultural Policy -- Fisheries Policy -- External Policies: Commercial Policy -- Development Aid Policy -- External Relations -- Conclusions: European Integration and its Perspectives -- Index and Glossary. |
| 942 ## - ADDED ENTRY ELEMENTS (KOHA) | |
| Source of classification or shelving scheme | Library of Congress Classification |
| Koha item type | Books |
| Withdrawn status | Lost status | Source of classification or shelving scheme | Damaged status | Not for loan | Home library | Current library | Shelving location | Date acquired | Total Checkouts | Full call number | Barcode | Date last seen | Copy number | Price effective from | Koha item type |
|---|---|---|---|---|---|---|---|---|---|---|---|---|---|---|---|
| Library of Congress Classification | WISCONSIN INTERNATIONAL UNIVERSITY COLLEGE, GHANA - MAIN LIBRARY | WISCONSIN INTERNATIONAL UNIVERSITY COLLEGE, GHANA - MAIN LIBRARY | Law Library | 20/05/2015 | KJE947.M685 | 035/15 | 20/05/2015 | 1 | 20/05/2015 | Books |
